00426nam a2200145 a 45000010005000000030009000050080041000140400028000550820016000831000031000992450049001302600063001793000015002426500023002575561CO-ViMGA141112s2004 ck r 000 u spa d aCO-ViMGAbspacCO-ViMGA04a909.08 F6731 aForero Benavides, Abelardo10aMomentos y perfiles de la historia universal aSantafé de Bogotá : bUniversidad de los Andes, c1993 a198 p : il14aHISTORIA UNIVERSAL